000
00338nam a2200145Ia 4500
008
191201s2008 xx 000 0 und d
082
_a
005.14
_b
MAF
100
_a
MATHUR, Aditya P
245
0
_a
Foundations of Software Testing
250
_a
IMP
260
_a
N.Delhi
_b
Pearson
_c
2008
300
_a
689
650
_a
MCA
942
_2
ddc
_c
BK
999
_c
4198
_d
4198